Statistics for Oldest Pokémon Cards Still in Rotation

Click here to take the quiz!

General Stats

  • This quiz has been taken 2 times
  • The average score is 8 of 10

Answer Stats

Date IntroducedAnswer% Correct
Jan. 9, 1999Energy Retrieval
100%
Oct. 10, 1999Energy Search
100%
Jan. 15, 2003Energy Switch
100%
Jun. 16, 1999Poké Ball
100%
Jan. 9, 1999Potion
100%
Jan. 9, 1999Professor's Research / Professor Oak
100%
Jan. 9, 1999Switch
100%
Sep. 15, 2002Copycat
50%
Jan. 9, 1999Full Heal
50%
May 12, 2003Hyper Potion
0%

Score Distribution

Percentile by Number Answered

Percent of People with Each Score

Your Score History

You have not taken this quiz